Konjugation von malle - Statistiken

Allgemein
  • Dieses Quiz wurde 8 mal gespielt
  • Das Durchschnittsergebnis liegt bei 13 aus 62
Antwortstatistiken
Group Hint Antwort % Korrekt
Infinitive Inf. Präs. Akt. malle
83%
Präsens 1. Sg. Präs. Konj. Akt. malim
33%
Präsens 1. Pl. Präs. Konj. Akt. malimus
33%
Präsens 3. Pl. Präs. Konj. Akt. malint
33%
Präsens 2. Sg. Präs. Konj. Akt. malis
33%
Präsens 3. Sg. Präs. Konj. Akt. malit
33%
Präsens 2. Pl. Präs. Konj. Akt. malitis
33%
Imperfekt 2. Sg. Impf. Konj. Akt. malles
33%
Imperfekt 3. Sg. Impf. Konj. Akt. mallet
33%
Präsens 1. Sg. malo
33%
Präsens 1. Pl. malumus
33%
Präsens 3. Pl. malunt
33%
Präsens 2. Sg. mavis
33%
Präsens 3. Sg. mavult
33%
Präsens 2. Pl. mavultis
33%
Futur I 1. Sg. Fut. Ind. Akt. malam
17%
Imperfekt 1. Sg. Impf. Ind. Akt. malebam
17%
Imperfekt 1. Pl. Impf. Ind. Akt. malebamus
17%
Imperfekt 3. Pl. Impf. Ind. Akt. malebant
17%
Imperfekt 2. Sg. Impf. Ind. Akt. malebas
17%
Imperfekt 3. Sg. Impf. Ind. Akt. malebat
17%
Imperfekt 2. Pl. Impf. Ind. Akt. malebatis
17%
Futur I 1. Pl. Fut. Ind. Akt. malemus
17%
Futur I 3. Pl. Fut. Ind. Akt. malent
17%
Futur I 2. Sg. Fut. Ind. Akt. males
17%
Futur I 3. Sg. Fut. Ind. Akt. malet
17%
Futur I 2. Pl. Fut. Ind. Akt. maletis
17%
Imperfekt 1. Sg. Impf. Konj. Akt. mallem
17%
Imperfekt 1. Pl. Impf. Konj. Akt. mallemus
17%
Imperfekt 3. Pl. Impf. Konj. Akt. mallent
17%
Imperfekt 2. Pl. Impf. Konj. Akt. malletis
17%
Plusquamperfekt 1. Sg. PQP Ind. Akt. malueram
17%
Plusquamperfekt 1. Pl. PQP Ind. Akt. malueramus
17%
Plusquamperfekt 3. Pl. PQP Ind. Akt. maluerant
17%
Plusquamperfekt 2. Sg. PQP Ind. Akt. malueras
17%
Plusquamperfekt 3. Sg. PQP Ind. Akt. maluerat
17%
Plusquamperfekt 2. Pl. PQP Ind. Akt. malueratis
17%
Perfekt 1. Sg. Perf. Konj. Akt. maluerim
17%
Perfekt 1. Pl. Perf. Konj. Akt. maluerimus
17%
Futur II 1. Pl. Fut. II Akt. maluerimus
17%
Perfekt 3. Pl. Perf. Konj. Akt. maluerint
17%
Futur II 3. Pl. Fut. II Akt. maluerint
17%
Perfekt 2. Sg. Perf. Konj. Akt. malueris
17%
Futur II 2. Sg. Fut. II Akt. malueris
17%
Perfekt 3. Sg. Perf. Konj. Akt. maluerit
17%
Futur II 3. Sg. Fut. II Akt. maluerit
17%
Perfekt 2. Pl. Perf. Konj. Akt. malueritis
17%
Futur II 2. Pl. Fut. II Akt. malueritis
17%
Futur II 1. Sg. Fut. II Akt. maluero
17%
Perfekt 3. Pl. Perf. Ind. Akt. maluerunt
17%
Perfekt 1. Sg. Perf. Ind. Akt. malui
17%
Perfekt 1. Pl. Perf. Ind. Akt. maluimus
17%
Infinitive Inf. Perf. Akt. maluisse
17%
Plusquamperfekt 1. Sg. PQP Konj. Akt. maluissem
17%
Plusquamperfekt 1. Pl. PQP Konj. Akt. maluissemus
17%
Plusquamperfekt 3. Pl. PQP Konj. Akt. maluissent
17%
Plusquamperfekt 2. Sg. PQP Konj. Akt. maluisses
17%
Plusquamperfekt 3. Sg. PQP Konj. Akt. maluisset
17%
Plusquamperfekt 2. Pl. PQP Konj. Akt. maluissetis
17%
Perfekt 2. Sg. Perf. Ind. Akt. maluisti
17%
Perfekt 2. Pl. Perf. Ind. Akt. maluistis
17%
Perfekt 3. Sg. Perf. Ind. Akt. maluit
17%
Keine übereinstimmenden Quizze gefunden
Verteilung der Resultate
Anzahl Personen mit jedem Resultat
Perzentil nach korrekt beantworteten Fragen
Ihre Resultats-Entwicklung
Sie haben dieses Quiz noch nicht gespielt